000 01192nam0a2200337 4500
001 RU\NLR\bibl\50901
005 20250616083931.0
010 _a5-04-002838-5
_915000
021 _aRU
_b99-27085
_91316
035 _a(NLR Aleph) 000049631
090 _a265091
_c265091
100 _a19991005d1999 |||y0rusy50 ca
101 0 _arus
102 _aRU
105 _ay |||||||||
200 1 _aЖенщины и преступность
_fАлексей Тарабрин
210 _aМ.
_cЭКСМО-Пресс
_d1999
215 _a413 с.
_d17
225 1 _aРусский бестселлер
_eРБ
300 _aНа 4-й с. обл. авт.: А. Тарабрин, полк. милиции в отставке
606 0 _aЖенщины
_xПреступность
_yРоссийская Федерация
_92085191
_3RU\NLR\auth\661261304
686 _aХ628.33
686 _aШ6(2=Р)75-446
700 1 _aТарабрин
_bА. Г.
_f1952-
_gАлексей Григорьевич
_4070
801 0 _aRU
_bNLR
_c19991005
_gPSBO
801 1 _aRU
_bNLR
_c19991005
852 _aNLR
_j99-2/2186
942 _cBOOK
980 _aNB